000 00602nam a2200193Ia 4500
008 151121s9999||||xx |||||||||||||| ||und||
082 _a136 /भोसले
082 _bHNW-77877
100 _aभोसले राजन
245 _aकथा काम जीवनाची
260 _b"दृष्टी, मुंबई।"
260 _c--
300 _a156
600 _aभोसले राजन
630 _aकथा काम जीवनाची
700 _aभोसले राजन
730 _aकथा काम जीवनाची
942 _cBOOK
999 _c1259283
_d1259280